Tabú /
Guardat en:
| Autor principal: | |
|---|---|
| Altres autors: | |
| Format: | Electrònic eBook |
| Idioma: | espanyol alemany |
| Publicat: |
Barcelona :
Salamandra,
[2016]
|
| Edició: | Primera edición en libro electrónico (epub) |
| Matèries: | |
| Accés en línia: | Digitalia Hispánica |
| Etiquetes: |
Afegir etiqueta
Sense etiquetes, Sigues el primer a etiquetar aquest registre!
|
MARC
| LEADER | 00000nam a2200000Ii 4500 | ||
|---|---|---|---|
| 001 | DIGSLMNDRA0277 | ||
| 003 | NyNyDIG | ||
| 007 | cr ||||||||||| | ||
| 008 | 221006s2016 sp o 000 f spa d | ||
| 006 | m o d | ||
| 035 | |a (OCoLC)1390760826 | ||
| 040 | |a DGITA |b eng |e rda |e pn |c DGITA | ||
| 041 | 1 | |a spa |h ger | |
| 020 | |a 9788415631552 |q libro electrónico | ||
| 020 | |z 9788498387599 | ||
| 050 | 1 | 4 | |a PT2720.I73 ebook |
| 100 | 1 | |a Schirach, Ferdinand von, |d 1964- |e author. | |
| 240 | 1 | 0 | |a Tabu. |l Spanish |s (Andrés) |
| 245 | 1 | 0 | |a Tabú / |c Ferdinand von Schirach ; traducción del alemán, Susana Andrés. |
| 250 | |a Primera edición en libro electrónico (epub) | ||
| 264 | 1 | |a Barcelona : |b Salamandra, |c [2016] | |
| 300 | |a 1 online resource. | ||
| 336 | |a text |b txt |2 rdacontent | ||
| 337 | |a computer |b c |2 rdamedia | ||
| 338 | |a online resource |b cr |2 rdacarrier | ||
| 347 | |a text file |2 rdaft | ||
| 347 | |b EPUB | ||
| 588 | 0 | |a Online resource; title from ePub title page (Digitalia, viewed October 6, 2022) | |
| 655 | 7 | |a Novels. |2 lcgft | |
| 700 | 1 | |a Andrés, Susana, |e translator. | |
| 700 | 1 | |i Translation of: |a Schirach, Ferdinand von, |d 1964- |t Tabu. | |
| 791 | 2 | |a Digitalia (Firm), |e distributor. | |
| 793 | 0 | |g Digitalia eBook Collection: |a Ediciones Salamandra | |
| 776 | 0 | 8 | |i Print version: |a Schirach, Ferdinand von, 1964- |s Tabu. Spanish (Andrés). |t Tabú. |d Barcelona : Salamandra, [2016] |z 9788498387599 |
| 856 | 4 | 0 | |3 Digitalia Hispánica |u https://digitalia.unach.elogim.com/a/48361/ |
| 910 | |a Premium collection: 2022 | ||